Culture Générale - Série 2672 - Statistiques

Statistiques générales
  • Ce quiz a été pris 86 fois
  • Le résultat moyen est 5 sur 10
Statistiques - réponses
Question Réponse % Correct
Sous quel prénom et nom connait-on mieux Mylène Jeanne Gautier ? Mylène Farmer
88%
Quel est le numéro de département du Finistère ? 29
80%
Dans quel sport utilise-t-on un putter ? golf
79%
En quelle année Jack Lang a-t-il instauré "La fête de la musique" ? 1982
69%
Quel était le titre de noblesse de La Fayette ? marquis
62%
Quel est le prénom de la fiancée de Popeye ? Olive
58%
Quelle est la capitale de Oman ? Mascate
53%
Sous quel autre nom connait-on mieux la pièce de Molière "le Festin de Pierre" ? Dom Juan
17%
Dans le delta de quel pays se jette l'Okavango ,« Le fleuve qui n'atteint jamais la mer »? Botswana
15%
Partie postérieure et décorée d'un autel, qui surmonte verticalement la table retable
10%
Aucun quiz correspondant
Distribution des résultats
% des personnes avec chaque résultat
Percentile par nombre de réponses
Votre historique - résultats
Vous n’avez pas pris ce quiz